000
00321 a2200157 4500
001
190437
020
_a
978-0-19-846657-4
040
_c
Magnum
100
_a
Donaldson, Julia
240
1
0
_a
Bob bug
_l
ING
245
1
0
_a
Bob bug
300
_a
8
362
0
_a
2008
697
_a
LITERATURA INFANTIL INGLESA
942
_c
BK
999
_c
190437
_d
190437